Ligne L du Transilien - Statistiques

Statistiques générales
  • Ce quiz a été pris 482 fois
  • Le résultat moyen est 24 sur 36
Statistiques - réponses
n gares correspondances % Correct
19 La Défense RER A ETransilien U M 1 T 2
92%
1 Paris-Saint-Lazare RER ETransilien J M 3 12 13 14
92%
2 Pont-Cardinet M 14
89%
4 Asnières-sur-Seine Transilien J
87%
36 Versailles-Rive-Droite
84%
23 (séparation SNB/VRD) Saint-Cloud Transilien U
83%
3 Clichy - Levallois
82%
20 Puteaux Transilien UT 2
82%
5 (séparation CH/SNB/VRD) Bécon-les-Bruyères
78%
8 Nanterre-Université RER A
78%
18 (vers SNB/VRD) Courbevoie
75%
17 Cergy-le-Haut RER A
74%
21 Suresnes-Mont-Valérien Transilien UT 2
74%
10 Sartrouville RER A
68%
15 Cergy-Préfecture RER A
65%
22 Le Val d'Or
65%
9 Houilles - Carrières-sur-Seine RER ATransilien J
63%
34 Viroflay-Rive-Droite T 6
63%
16 Cergy-Saint-Christophe RER A
62%
35 Montreuil
62%
14 Neuville-Université RER A
61%
33 Chaville-Rive-Droite Transilien U
59%
7 La Garenne-Colombes T 2
59%
31 Saint-Nom-la-Bretèche - Forêt de Marly T 13
59%
6 (vers CH) Les Vallées
57%
12 Achères-Ville RER A
56%
11 Maisons-Laffitte RER A
56%
32 (vers VRD) Sèvres - Ville-d'Avray Transilien U
56%
13 Conflans-Fin-d'Oise RER ATransilien J
55%
29 Marly-le-Roi
55%
24 (vers SNB) Garches - Marnes-la-Coquette
52%
26 La Celle-Saint-Cloud
52%
25 Vaucresson
52%
27 Bougival
47%
28 Louveciennes
45%
30 L'Etang-la-Ville
43%
Aucun quiz correspondant
Distribution des résultats
% des personnes avec chaque résultat
Percentile par nombre de réponses
Votre historique - résultats
Vous n’avez pas pris ce quiz